header

The virtual battlefield (Record no. 193097)

MARC details
000 -LEADER
fixed length control field 01369nam a2200337Ia 4500
245 04 - TITLE STATEMENT
Title The virtual battlefield
260 ## - PUBLICATION, DISTRIBUTION, ETC. (IMPRINT)
Place of publication Amsterdam ;
-- Washington, DC :
Name of publisher Ios Press,
Year of publication c2009.
300 ## - PHYSICAL DESCRIPTION
Number of Pages xx, 305 p. :
Other physical details ill.
490 1# - SERIES STATEMENT
Series statement Cryptology and information security series ;
650 #0 - SUBJECT ADDED ENTRY--TOPICAL TERM
Topical Term Information warfare.
Topical Term Cyberterrorism.
Topical Term Computer crimes.
700 1# - ADDED ENTRY--PERSONAL NAME
Personal name Czosseck, Christian.
Personal name Geers, Kenneth.
856 40 - ELECTRONIC LOCATION AND ACCESS
Uniform Resource Identifier http://site.ebrary.com/lib/rucke/Doc?id=10375711

No items available.

© 2026 Rongo University
Contact us: librarian | system librarian | Rongo university